00486nam a2200169Ia 4500003000400000008004100004040001600045082001500061100002100076245006700097260005100164300001000215650002600225650001400251650002900265650002200294GCL140319s9999 xx 000 0 eng d aGCL / cGCL04a404.2bB L1 aBIALYSTOK, ELLEN10aLANGUAGE PROCESSING IN BILINGUAL CHILDREN / cBIALYSTOK, ELLEN a[S.N] : bCAMBRIBGE UNIVERSITY PRESS ، c1991 a238 P04aBILINGUAL DICTIONRIES04aEDUCATION04aBILINGUALISM IN CHILDREN04aPSYCHOLINGUISTICS